[Event "93rd ch-GBR"]
[Site "Swansea WLS"]
[Date "2006.08.15"]
[Round "9"]
[White "Shaw,P"]
[Black "Thomas,Ni"]
[Result "0-1"]
[WhiteElo "2122"]
[BlackElo "2299"]
[EventDate "2006.08.07"]

1. d4 Nf6 2. c4 e6 3. Nf3 Bb4+ 4. Bd2 Qe7 5. a3 Bxd2+ 6. Qxd2 d6 7. Nc3 O-O
8. e4 e5 9. d5 a5 10. b3 Na6 11. Qb2 Nh5 12. g3 f5 13. Bg2 f4 14. O-O g5
15. Rfd1 g4 16. Ne1 Rf6 17. b4 Rh6 18. Nd3 f3 19. Bf1 Nf4 20. Nxf4 exf4 21.
Qd2 Bd7 22. Qxf4 Rh5 23. e5 Rxe5 24. Bd3 Rf8 25. Qd4 axb4 26. axb4 Nxb4 27.
Kf1 Nxd3 28. Qxd3 Re8 29. Qd2 Bf5 30. Kg1 Bc2 31. Rf1 Bf5 32. Nd1 Re2 33.
Qd4 Qg5 34. Ne3 Qh5 35. h4 gxh3 36. g4 Qg5 37. Nxf5 R2e4 38. Qg7+ Qxg7 39.
Nxg7 Rxg4+ 40. Kh2 Rxg7 41. Rg1 Re4 42. Ra8+ Kf7 43. Rxg7+ Kxg7 44. Ra7
Rxc4 45. Rxb7 Kf6 46. Kxh3 Kf5 47. Kg3 Ke4 48. Rb3 h5 49. Rxf3 h4+ 50. Kg4
Kxd5+ 51. Kf5 c5 52. Rh3 Rd4 53. f4 c4 54. Kg5 Rd3 55. Rxh4 c3 56. Rh1 c2
57. Rc1 Rc3 58. f5 Ke4 59. f6 Kd3 60. f7 Rc8 61. Kf6 Kd2 62. Rxc2+ Kxc2 63.
Ke6 Rf8 0-1

[Event "93rd ch-GBR"]
[Site "Swansea WLS"]
[Date "2006.08.15"]
[Round "9"]
[White "Britton,R"]
[Black "Roberson,P"]
[Result "0-1"]
[WhiteElo "2288"]
[BlackElo "2122"]
[EventDate "2006.08.07"]

1. e4 c6 2. d3 d5 3. Nd2 e5 4. Ngf3 Bd6 5. g3 Nf6 6. Bg2 O-O 7. O-O Re8 8.
h3 Nbd7 9. Re1 Qc7 10. Nh4 dxe4 11. dxe4 Bf8 12. Nf1 g6 13. Qf3 Bg7 14. Bg5
h6 15. Bd2 Kh7 16. Bb4 a5 17. Ba3 Bf8 18. Bxf8 Rxf8 19. Rad1 Kg7 20. Qc3
Qb6 21. b3 Qc5 22. Qd2 Nb6 23. Ne3 Re8 24. Kh2 Qb4 25. c3 Qe7 26. f3 Be6
27. Qf2 Qc7 28. c4 Nbd7 29. f4 Nf8 30. Rf1 Bc8 31. Qb2 N8d7 32. Rd2 Nc5 33.
fxe5 Qxe5 34. Qxe5 Rxe5 35. Rdf2 Ncd7 36. Rf4 Re6 37. Nf3 Rxe4 38. Rxe4
Nxe4 39. Nd4 Nef6 40. Re1 Nc5 41. a3 Ne6 42. Ndc2 Nd7 43. Rb1 Ne5 44. h4 f5
45. Rf1 Bd7 46. h5 Ng4+ 47. Nxg4 fxg4 48. hxg6 Kxg6 49. Be4+ Kg7 50. Rd1
Nc5 51. b4 axb4 52. axb4 Nxe4 53. Rxd7+ Kf6 54. Ne3 Ra2+ 55. Kg1 h5 56.
Rxb7 Nxg3 57. Rc7 Ke5 58. Rxc6 Ke4 59. Ng2 Nf5 60. Re6+ Kf3 61. Ne1+ Kg3
0-1

[Event "93rd ch-GBR"]
[Site "Swansea WLS"]
[Date "2006.08.15"]
[Round "9"]
[White "Mason,D"]
[Black "Hodgson,Jo"]
[Result "1/2-1/2"]
[WhiteElo "2266"]
[BlackElo "2218"]
[EventDate "2006.08.07"]

1. e4 c5 2. Nf3 Nc6 3. Bb5 d6 4. O-O Bd7 5. c3 a6 6. Ba4 Nf6 7. Re1 b5 8.
Bc2 Bg4 9. d3 e6 10. Nbd2 Be7 11. h3 Bh5 12. g4 Bg6 13. Nh4 Nd7 14. Ng2 e5
15. Nf1 Nf8 16. Ng3 Ne6 17. Nf5 h6 18. Bb3 Bg5 19. f4 exf4 20. h4 Bf6 21.
Nxf4 Nxf4 22. Bxf4 Be5 23. Bd5 Rc8 24. Bxe5 dxe5 25. Qf3 1/2-1/2

[Event "93rd ch-GBR"]
[Site "Swansea WLS"]
[Date "2006.08.15"]
[Round "9"]
[White "Bennet,W"]
[Black "Tippleston,C"]
[Result "0-1"]
[WhiteElo "2180"]
[BlackElo "2203"]
[EventDate "2006.08.07"]

1. d4 d5 2. c4 c6 3. Nc3 Nf6 4. Bg5 dxc4 5. a4 Qa5 6. Nf3 Ne4 7. Bd2 Nxd2
8. Nxd2 g6 9. Nxc4 Qd8 10. a5 Bg7 11. e3 O-O 12. Qf3 Na6 13. Be2 c5 14. d5
Rb8 15. O-O Nb4 16. Qg3 Bd7 17. Rfd1 Qc8 18. Bf3 f5 19. h4 f4 20. exf4 Nc2
21. d6 e6 22. h5 Nxa1 23. Rxa1 gxh5 24. Ne4 Kh8 25. Bxh5 Be8 26. Qh2 Bxh5
27. Qxh5 Rxf4 28. Ng5 Qg8 29. Re1 Bd4 30. Nh3 Rg4 31. Ne5 Rxg2+ 32. Kh1 Rf8
33. d7 Rg7 34. Re4 Bxe5 35. Qxe5 Rf5 36. Qd6 Rh5 37. Qh2 Rxd7 38. Re1 Rd3
39. Rg1 Rdxh3 0-1

[Event "93rd ch-GBR"]
[Site "Swansea WLS"]
[Date "2006.08.15"]
[Round "9"]
[White "Roberts,DL"]
[Black "Surtees,M"]
[Result "0-1"]
[WhiteElo "2126"]
[BlackElo "2182"]
[EventDate "2006.08.07"]

1. e4 c6 2. Nf3 d5 3. Nc3 f6 4. d4 g6 5. Bf4 e6 6. Bd3 a6 7. O-O Nh6 8. Qd2
Nf7 9. Rfe1 Bg7 10. exd5 cxd5 11. Na4 O-O 12. Qb4 e5 13. Nb6 Nc6 14. Qc5
Rb8 15. Bg3 Re8 16. dxe5 fxe5 17. Qxd5 Qxb6 18. Ng5 Ncd8 19. Bc4 Be6 20.
Nxe6 Nxe6 21. Qf3 Neg5 22. Qg4 Kh8 23. h4 h5 24. Qe2 Ne6 25. Qe4 Kh7 26.
Qf3 Nh6 27. Bd3 Ng4 28. Qf7 Nc5 29. Be2 Nh6 30. Qc4 Rbc8 31. b4 Ne6 32. Qe4
Qc6 33. Qe3 Nf5 34. Qd3 e4 0-1

[Event "93rd ch-GBR"]
[Site "Swansea WLS"]
[Date "2006.08.15"]
[Round "9"]
[White "Ledger,S"]
[Black "Briscoe,C"]
[Result "1/2-1/2"]
[WhiteElo "2177"]
[BlackElo "2137"]
[EventDate "2006.08.07"]

1. d4 Nf6 2. Nf3 e6 3. Bf4 b6 4. e3 Bb7 5. Be2 Be7 6. h3 O-O 7. O-O d6 8.
c3 Nbd7 9. Nbd2 Re8 10. a4 Bf8 11. a5 c5 12. Bh2 Qc7 13. axb6 axb6 14. Qb3
h6 15. Bb5 Rec8 16. Rfe1 Bd5 17. Qc2 Bc6 18. Bxc6 Qxc6 19. e4 b5 20. e5
dxe5 21. Nxe5 Nxe5 22. Bxe5 Nd7 23. Qe4 Rxa1 24. Rxa1 f6 25. Bf4 cxd4 26.
cxd4 Qxe4 27. Nxe4 Rc4 28. Be3 e5 29. Nd2 Rc2 30. dxe5 Nxe5 31. b3 Kh7 32.
Ra8 Bb4 33. Nf3 Nxf3+ 34. gxf3 Bc3 35. Rb8 b4 36. Bc5 Be5 37. Rb5 Rc3 38.
Bxb4 Rxb3 39. Rb6 Bc7 40. Rc6 Be5 41. Bd6 Bxd6 42. Rxd6 Rxf3 43. Kg2 Ra3
44. Rd7 Kg6 45. Rb7 Rc3 46. Ra7 Rb3 47. Rc7 Rb4 48. Kg3 f5 49. Rc3 Kg5 50.
Ra3 g6 51. Rc3 f4+ 52. Kg2 Rb6 53. Ra3 Kh4 54. Rc3 Rf6 55. Rb3 Rf5 56. Ra3
Rg5+ 57. Kh2 Re5 58. Kg2 Rg5+ 59. Kh2 Rf5 60. Kg2 f3+ 61. Kh2 h5 62. Ra4+
Kg5 63. h4+ Kf6 64. Kg3 Ke5 65. Ra5+ Ke4 66. Ra4+ Ke5 67. Ra5+ 1/2-1/2

[Event "93rd ch-GBR"]
[Site "Swansea WLS"]
[Date "2006.08.15"]
[Round "9"]
[White "Sugden,J"]
[Black "Khandelwal,A"]
[Result "0-1"]
[WhiteElo "2166"]
[BlackElo "1974"]
[EventDate "2006.08.07"]

1. d4 f5 2. g3 g6 3. Bg2 Bg7 4. Nf3 Nf6 5. O-O O-O 6. c4 d6 7. Nc3 Nc6 8.
d5 Ne5 9. Nxe5 dxe5 10. e4 f4 11. gxf4 exf4 12. e5 Ng4 13. e6 Ne5 14. Be4
Nxc4 15. Qc2 Nd6 16. f3 c6 17. Rd1 Nxe4 18. fxe4 cxd5 19. exd5 Rf5 20. Qe4
Be5 21. Rd3 b5 22. Bd2 Bb7 23. Rd1 Qb6+ 24. Kh1 Rd8 25. Be1 Bf6 26. a3 Re5
27. Qxf4 Qxe6 28. Bg3 Bxd5+ 29. Kg1 Rf5 30. Qe3 Qc6 31. Nxd5 Rfxd5 32. Rxd5
Rxd5 33. Rxd5 Qxd5 34. Bf2 Qd1+ 35. Kg2 Qd5+ 36. Kg1 a5 37. Qb6 a4 38. Qb8+
Kg7 39. Qc7 Qd1+ 40. Kg2 Qg4+ 41. Kf1 Qc4+ 42. Qxc4 bxc4 0-1

[Event "93rd ch-GBR"]
[Site "Swansea WLS"]
[Date "2006.08.15"]
[Round "9"]
[White "Eggleston,D"]
[Black "Chevannes,S"]
[Result "1-0"]
[WhiteElo "2232"]
[BlackElo "2080"]
[EventDate "2006.08.07"]

1. e4 c6 2. d4 d5 3. Nd2 dxe4 4. Nxe4 Nd7 5. Nf3 Ngf6 6. Nxf6+ Nxf6 7. c3
Qc7 8. Bc4 e6 9. O-O Bd6 10. Qe2 O-O 11. Re1 b6 12. Bg5 Nd5 13. Rad1 Bb7
14. Qe4 Nf4 15. Ne5 Nd5 16. Bd3 g6 17. Bh6 Rfe8 18. Qh4 Be7 19. Qh3 Bf6 20.
c4 Nb4 21. Be4 Bh8 22. a3 Na6 23. Bf4 Qc8 24. Nxf7 1-0

[Event "93rd ch-GBR"]
[Site "Swansea WLS"]
[Date "2006.08.15"]
[Round "9"]
[White "Thomas,Jos"]
[Black "Fowler,S"]
[Result "0-1"]
[WhiteElo "2029"]
[BlackElo "2181"]
[EventDate "2006.08.07"]

1. e4 e6 2. b3 b6 3. Bb2 Bb7 4. Nc3 c5 5. Nf3 d6 6. d4 cxd4 7. Nxd4 Nf6 8.
Bb5+ Nbd7 9. Qe2 a6 10. Bxd7+ Nxd7 11. O-O g6 12. Rad1 Bg7 13. f4 Qe7 14.
b4 O-O 15. Rf3 Rfc8 16. Rfd3 Rc7 17. Nf3 Rc6 18. Qd2 Bf8 19. f5 Rac8 20. a3
R8c7 21. Ne1 Ne5 22. b5 axb5 23. f6 Qxf6 24. Nxb5 Rd7 25. Qe2 Nf3+ 26. Nxf3
Qxb2 27. Nfd4 Bg7 28. Rb3 Qa2 29. Nxc6 Bxc6 30. Nxd6 Be5 31. Nc8 Bd4+ 32.
Rxd4 Qa1+ 33. Kf2 Qxd4+ 34. Qe3 Qd1 35. Rc3 h5 36. h3 h4 37. Qe1 Rd2+ 38.
Kf1 Bb5+ 39. Rd3 Qxc2 40. Ne7+ Kf8 41. Qxd2 Qxd2 42. Kg1 0-1

[Event "93rd ch-GBR"]
[Site "Swansea WLS"]
[Date "2006.08.15"]
[Round "9"]
[White "Goodger,M"]
[Black "Moyse,N"]
[Result "0-1"]
[WhiteElo "2128"]
[BlackElo "2036"]
[EventDate "2006.08.07"]

1. e4 e5 2. Nf3 Nc6 3. d4 exd4 4. Nxd4 Qh4 5. Nc3 Bb4 6. Be2 Qxe4 7. Ndb5
Bxc3+ 8. bxc3 Kd8 9. O-O a6 10. Nd4 Nxd4 11. cxd4 Nf6 12. Bf3 Qf5 13. c4 d6
14. Qb3 Rb8 15. a4 Re8 16. Ba3 Ne4 17. Bxe4 Rxe4 18. Rfe1 Rxd4 19. Qe3 Qe5
20. Qc3 Re4 21. Qxe5 Rxe5 22. Rxe5 dxe5 23. Bf8 f6 24. Bxg7 Ke7 25. c5 Kf7
26. Bh6 Bd7 27. a5 Bc6 28. Be3 Rg8 29. g3 h5 30. h4 Rg4 31. Kf1 f5 32. Bg5
f4 33. Ra3 fxg3 34. fxg3 Ke6 35. Kf2 Rc4 36. Be3 Rc2+ 37. Ke1 Bb5 38. Rb3
Re2+ 39. Kd1 Ra2 40. Ke1 Rxa5 41. g4 hxg4 42. h5 g3 43. Bc1 Ra1 44. Kd2
Ra2+ 45. Ke1 Re2+ 46. Kd1 Rg2 47. Re3 Ba4+ 48. Ke1 Rg1+ 0-1

[Event "93rd ch-GBR"]
[Site "Swansea WLS"]
[Date "2006.08.15"]
[Round "9"]
[White "Hughes,Ro"]
[Black "Dilleigh,S"]
[Result "0-1"]
[WhiteElo "2071"]
[BlackElo "2134"]
[EventDate "2006.08.07"]

1. e4 e6 2. d4 d5 3. Nd2 c5 4. exd5 Qxd5 5. Ngf3 cxd4 6. Bc4 Qd6 7. O-O Nf6
8. Nb3 Nc6 9. Nbxd4 Nxd4 10. Nxd4 a6 11. c3 Qc7 12. Qe2 Bd6 13. h3 O-O 14.
Bg5 Ne4 15. Be3 b5 16. Bd3 Nc5 17. Bc2 Bb7 18. Rad1 Rad8 19. Qh5 g6 20. Qe2
Rfe8 21. Bg5 Be7 22. Bxe7 Qxe7 23. Nf3 Bd5 24. b3 Qf6 25. Qe5 Kg7 26. Qxf6+
Kxf6 27. Nh2 h5 28. Rfe1 Bc6 29. Nf1 e5 30. Ne3 Ne6 31. Bd3 Rd7 32. Bf1
Red8 33. Rxd7 Rxd7 34. Rd1 Rxd1 35. Nxd1 e4 36. g3 Ke5 37. Bg2 f5 38. Kf1
g5 39. Ke1 f4 40. Kd2 e3+ 0-1

[Event "93rd ch-GBR"]
[Site "Swansea WLS"]
[Date "2006.08.15"]
[Round "9"]
[White "Nicholson,Jo"]
[Black "Pym,T"]
[Result "0-1"]
[WhiteElo "1945"]
[BlackElo "2114"]
[EventDate "2006.08.07"]

1. e4 c5 2. Nf3 d6 3. c3 Nf6 4. d3 g6 5. Bg5 Bg7 6. Nbd2 h6 7. Bh4 Nc6 8.
h3 O-O 9. Be2 a6 10. O-O b5 11. d4 cxd4 12. cxd4 Qb6 13. d5 Nd4 14. Bd3 g5
15. Bg3 g4 16. Nxd4 Qxd4 17. Nb3 Qxb2 18. f4 Nh5 19. Rb1 Qxa2 20. Be1 f5
21. exf5 Qa4 22. hxg4 Nxf4 23. Bc2 Qc4 24. Na5 Ne2+ 25. Kf2 Qxg4 26. Qxe2
Bd4+ 0-1

[Event "93rd ch-GBR"]
[Site "Swansea WLS"]
[Date "2006.08.16"]
[Round "10"]
[White "Gordon,S"]
[Black "Lalic,B"]
[Result "1/2-1/2"]
[WhiteElo "2443"]
[BlackElo "2488"]
[EventDate "2006.08.07"]

1. d4 e6 2. c4 Bb4+ 3. Bd2 a5 4. g3 d5 5. Nf3 Nf6 6. Bg2 dxc4 7. O-O Nc6 8.
a3 Bxd2 9. Qxd2 Nd5 10. e4 Nb6 11. Nc3 O-O 12. Rad1 a4 13. Rfe1 Na5 14. e5
Nb3 15. Qc2 Qe7 16. Re4 Bd7 17. Rh4 f5 18. exf6 gxf6 19. Re1 Rae8 20. Nd1
Rf7 21. Ne3 Kh8 22. Nxc4 Nxc4 23. Qxc4 Bc6 24. Rh5 Qd7 25. Rh4 1/2-1/2

[Event "93rd ch-GBR"]
[Site "Swansea WLS"]
[Date "2006.08.16"]
[Round "10"]
[White "Cobb,J"]
[Black "Arakhamia,K"]
[Result "0-1"]
[WhiteElo "2370"]
[BlackElo "2427"]
[EventDate "2006.08.07"]

1. d4 Nf6 2. Nf3 g6 3. Bg5 Bg7 4. Nbd2 d5 5. e3 O-O 6. Be2 Nbd7 7. O-O c5
8. c4 cxd4 9. Nxd4 dxc4 10. Bxc4 Qa5 11. Bh4 Nb6 12. Be2 Qb4 13. Qc2 e5 14.
a3 Qe7 15. Nb5 Bf5 16. e4 Rac8 17. Qb1 Bd7 18. Nxa7 Rcd8 19. Nf3 Qe8 20.
Qd3 Na4 21. Bxf6 Bxf6 22. Qb3 Nc5 23. Qb4 Ne6 24. Bb5 Nf4 25. Rfd1 Qe6 26.
h3 Bxb5 27. Nxb5 Nd3 28. Nc7 Qc6 29. Qc3 Qxe4 30. Kf1 Qf5 31. Qa5 e4 32.
Qxf5 gxf5 33. Ne1 Nxb2 34. Rxd8 Rxd8 35. Rb1 Rd2 36. Rc1 Nd3 37. Nxd3 Rxd3
38. Rb1 Bd4 39. Nb5 Bc5 40. Ke2 Rd7 41. Rb2 b6 42. a4 Rd3 43. Na7 f4 44.
Nc8 f3+ 45. gxf3 Rxf3 46. Kf1 e3 47. Nxb6 exf2 48. Nd7 Ba7 49. Rb7 Bd4 50.
Rb4 Rd3 51. Rb1 Rxh3 52. Ke2 Re3+ 53. Kf1 Ra3 54. Nb8 Rxa4 55. Nc6 Bc5 56.
Ne5 Kg7 57. Rc1 Be3 58. Rd1 h5 59. Ke2 Ba7 60. Nd3 Re4+ 61. Kf3 f1=Q 0-1

[Event "93rd ch-GBR"]
[Site "Swansea WLS"]
[Date "2006.08.16"]
[Round "10"]
[White "Greet,A"]
[Black "Haslinger,S"]
[Result "1/2-1/2"]
[WhiteElo "2431"]
[BlackElo "2423"]
[EventDate "2006.08.07"]

1. e4 e5 2. Nf3 d6 3. d4 exd4 4. Nxd4 Nf6 5. Nc3 Be7 6. g3 d5 7. exd5 Nxd5
8. Ndb5 Nxc3 9. Qxd8+ Kxd8 10. Nxc3 Bf5 11. Bg2 c6 12. Be4 Bxe4 13. Nxe4
Bb4+ 14. c3 Re8 15. Bg5+ Kc8 16. O-O-O Rxe4 17. cxb4 f6 18. Bf4 Na6 19. a3
g5 20. Bd6 Kd7 21. f3 Re6 22. Bc5+ Kc7 23. Bd4 Rd8 24. Bc3 Rxd1+ 25. Kxd1
Nb8 26. h4 h6 27. hxg5 hxg5 28. Kd2 Nd7 29. Rh6 Kd6 30. Kd3 c5 31. f4 c4+
32. Kd4 b5 33. fxg5 Ne5 34. Ke4 Ng4+ 35. Kf3 Nxh6 36. gxh6 Re7 37. Kg4 Ke6
38. Kh5 Kf7 39. h7 Re8 40. Kh6 Rd8 41. g4 Rd1 42. h8=N+ Ke6 43. Ng6 Kf7 44.
Nh8+ Ke6 45. Ng6 Kf7 46. Nh4 Rg1 47. Kh5 a6 48. Nf5 Rh1+ 49. Nh4 Rg1 50.
Nf5 1/2-1/2

[Event "93rd ch-GBR"]
[Site "Swansea WLS"]
[Date "2006.08.16"]
[Round "10"]
[White "Palliser,R"]
[Black "Davies,Ni"]
[Result "1/2-1/2"]
[WhiteElo "2413"]
[BlackElo "2512"]
[EventDate "2006.08.07"]

1. d4 d6 2. Nf3 Nf6 3. c4 g6 4. Nc3 Bf5 5. Ng5 Bd7 6. e4 e5 7. d5 a5 8. f4
exf4 9. Bxf4 Bg7 10. Qd2 O-O 11. Bd3 Na6 12. O-O Nc5 13. Bc2 Ng4 14. Nf3
Qe7 15. Rae1 Rae8 16. Bg5 f6 17. Bf4 b6 18. h3 Ne5 19. Nxe5 dxe5 20. Be3
Nb7 21. Ba4 Bxa4 22. Nxa4 f5 23. exf5 gxf5 24. c5 bxc5 25. Qc2 e4 26. Qc4
Nd6 27. Qxc5 Be5 28. Qc1 Kh8 29. Nc5 Rg8 30. Ne6 Qf6 31. Bf4 Rc8 32. Bxe5
Qxe5 33. Qc3 Qxc3 34. bxc3 c6 35. c4 cxd5 36. cxd5 Rc3 1/2-1/2

[Event "93rd ch-GBR"]
[Site "Swansea WLS"]
[Date "2006.08.16"]
[Round "10"]
[White "Devereaux,M"]
[Black "Williams,Si"]
[Result "1-0"]
[WhiteElo "2377"]
[BlackElo "2473"]
[EventDate "2006.08.07"]

1. d4 e6 2. c4 f5 3. g3 Nf6 4. Bg2 Be7 5. Nf3 O-O 6. O-O d6 7. Nc3 a5 8.
Qc2 Nc6 9. Bg5 Ng4 10. Bxe7 Qxe7 11. e4 f4 12. h3 Nh6 13. Rad1 e5 14. Nd5
Qf7 15. gxf4 exf4 16. Qc3 Nd8 17. Rfe1 Ra6 18. c5 c6 19. Nb6 Rxb6 20. cxb6
Qh5 21. Kf1 Re8 22. Ng1 Ndf7 23. a4 Ng5 24. Rd3 Rf8 25. Qxa5 d5 26. f3 Nxh3
27. Bxh3 Bxh3+ 28. Ke2 Be6 29. Kd1 Nf7 30. exd5 Bxd5 31. Qc5 Qg6 32. Qc2
Nd6 33. Rc3 Nf5 34. Kc1 Qg3 35. Qd2 Qh4 36. Ne2 Re8 37. Rd1 Ne3 38. Rg1 Qf2
39. Qe1 Qxf3 40. Ng3 Qg4 41. Ne4 Qe6 42. Nc5 Qf5 43. b3 Bf7 44. Qd2 Nd5 45.
Rf3 Re3 46. Rf2 Nc3 47. Kb2 Qd5 48. Qxc3 Rxc3 49. Kxc3 f3 50. a5 Qf5 51. a6
bxa6 52. b7 Qf4 53. Re1 Qc7 54. Re3 Qa5+ 55. Kb2 Qb4 56. Rexf3 1-0

[Event "93rd ch-GBR"]
[Site "Swansea WLS"]
[Date "2006.08.16"]
[Round "10"]
[White "Sowray,P"]
[Black "Houska,Jo"]
[Result "1/2-1/2"]
[WhiteElo "2357"]
[BlackElo "2364"]
[EventDate "2006.08.07"]

1. e4 e5 2. Nf3 Nc6 3. Bb5 a6 4. Bxc6 dxc6 5. O-O Bd6 6. d4 exd4 7. Qxd4 f6
8. Be3 Be6 9. Nbd2 Ne7 10. Rfd1 O-O 11. Qc3 Qe8 12. Nc4 Qg6 13. Nxd6 cxd6
14. Rxd6 Qxe4 15. Re1 Nd5 16. Qd4 Bf5 17. c4 Nxe3 18. Qxe4 Bxe4 19. Rxe3
Bxf3 20. gxf3 Rf7 21. c5 Kf8 22. Rd4 Re8 23. Kf1 Rfe7 24. Ke2 Kf7 25. Kd3
h5 26. b4 Kg6 27. a4 Kf5 28. b5 axb5 29. axb5 cxb5 30. Rb4 Rd8+ 31. Kc2 Rc7
32. Rxb5 b6 33. c6+ Kf4 34. Rb4+ Kg5 35. Rxb6 Kh4 36. Rc3 Kh3 37. Rb7 Rdc8
38. Rxc7 Rxc7 39. Kd3 Kxh2 40. Ke4 Kg2 41. f4 h4 42. Kd5 g5 43. fxg5 fxg5
44. Ke4 h3 45. Rg3+ Kxf2 46. Rxh3 Rxc6 47. Kf5 Rc5+ 48. Kg4 Kg2 49. Rh5 Kf2
50. Rxg5 Rxg5+ 51. Kxg5 1/2-1/2

[Event "93rd ch-GBR"]
[Site "Swansea WLS"]
[Date "2006.08.16"]
[Round "10"]
[White "Buckley,G"]
[Black "Addison,B"]
[Result "1-0"]
[WhiteElo "2379"]
[BlackElo "2241"]
[EventDate "2006.08.07"]

1. d4 d5 2. c4 e6 3. Nc3 Be7 4. Nf3 Nf6 5. Bg5 h6 6. Bh4 O-O 7. e3 b6 8.
Be2 Bb7 9. Bxf6 Bxf6 10. cxd5 exd5 11. b4 c6 12. O-O Qd6 13. Qb3 Nd7 14. a4
a5 15. bxa5 Rxa5 16. Rfe1 c5 17. Bb5 c4 18. Qb2 Bc6 19. e4 dxe4 20. Nxe4
Qc7 21. Nxf6+ Nxf6 22. Bxc6 Qxc6 23. Ne5 c3 24. Qb3 Qc7 25. Ng6 Re8 26.
Rxe8+ Nxe8 27. Re1 Nd6 28. Ne7+ Kh8 29. Nd5 Qc4 30. Qxc4 Nxc4 31. Nxc3 Nb2
32. Ra1 Ra8 33. f3 Rc8 34. Nd5 Rc6 35. Ra2 Nd3 36. Ne3 Rc1+ 37. Nf1 Rc4 38.
d5 Rd4 39. Rd2 Rxd5 40. Ne3 Rd7 41. Kf1 Kg8 42. Nc4 Nc5 43. Rxd7 Nxd7 44.
Ke2 Kf8 45. Ke3 Ke7 46. Kd4 Ke6 47. h4 h5 48. Nd2 f6 49. Ne4 Ne5 50. Ng3 g6
51. f4 Nd7 52. Kc4 f5 53. Nf1 Kd6 54. Ne3 Kc6 55. Nc2 Nc5 56. Nb4+ Kd6 57.
Kb5 Nd7 58. Nc6 Kd5 59. Ne5 Nc5 60. Nxg6 Kd4 61. g3 Nd7 62. Ne5 Nc5 63.
Nc6+ Kd5 64. Ne7+ Ke6 65. Nc8 Ne4 66. Kc6 Nxg3 67. Nxb6 Ne2 68. a5 Nd4+ 69.
Kb7 Nb3 70. a6 Nc5+ 71. Ka7 Kd6 72. Nc8+ Kd7 73. Kb6 Nxa6 74. Kxa6 Kxc8 75.
Kb6 Kd7 76. Kc5 Ke6 77. Kc6 Ke7 78. Kd5 Kf6 79. Kd6 Kf7 80. Ke5 Kg6 81. Ke6
1-0

[Event "93rd ch-GBR"]
[Site "Swansea WLS"]
[Date "2006.08.16"]
[Round "10"]
[White "Roberson,P"]
[Black "Ashton,A"]
[Result "1-0"]
[WhiteElo "2122"]
[BlackElo "2329"]
[EventDate "2006.08.07"]

1. e4 e5 2. Nf3 Nc6 3. Bb5 Nf6 4. O-O Nxe4 5. Re1 Nd6 6. Nxe5 Nxe5 7. Rxe5+
Be7 8. Bf1 O-O 9. Nc3 Bf6 10. Re1 Ne8 11. Nd5 c6 12. Nxf6+ Qxf6 13. d4 d5
14. c3 Nd6 15. Qh5 Qg6 16. Qxg6 hxg6 17. Bf4 Nf5 18. Bd3 Bd7 19. f3 Rfe8
20. g4 Nh6 21. h4 Rxe1+ 22. Rxe1 Re8 23. Rxe8+ Bxe8 24. h5 Kf8 25. Bd6+ Kg8
26. Be7 Kh7 27. hxg6+ fxg6 28. Kf2 Kg8 29. Ke3 Kf7 30. Bh4 Ke6 31. Kf4 Ng8
32. Kg5 Ne7 33. Bg3 b6 34. Bb8 Kd7 35. Be5 Ke6 36. Bxg7 c5 37. Bf8 cxd4 38.
Bxe7 1-0

[Event "93rd ch-GBR"]
[Site "Swansea WLS"]
[Date "2006.08.16"]
[Round "10"]
[White "Rudd,J"]
[Black "Corke,A"]
[Result "1-0"]
[WhiteElo "2328"]
[BlackElo "2179"]
[EventDate "2006.08.07"]

1. e4 c6 2. d4 d5 3. exd5 cxd5 4. c4 Nf6 5. Nc3 e6 6. Nf3 Nc6 7. c5 Ne4 8.
Bd3 f5 9. O-O Be7 10. Ne2 O-O 11. a3 Bf6 12. b4 a6 13. Bb2 Qc7 14. Rb1 g5
15. Ne1 Bg7 16. f3 Nf6 17. Bc2 g4 18. Bc1 gxf3 19. Nxf3 Ne4 20. Bf4 Qd8 21.
a4 Bd7 22. b5 axb5 23. axb5 Ne7 24. Ne5 Ng6 25. Nxg6 hxg6 26. Bxe4 fxe4 27.
c6 bxc6 28. b6 Rxf4 29. Nxf4 Qg5 30. Rb3 Qf6 31. Nxd5 Qxd4+ 32. Ne3 c5 33.
Qe2 Qa4 34. Rbb1 Bd4 35. Kh1 Qc6 36. Qf2 e5 37. Qf7+ Kh8 38. b7 1-0

[Event "93rd ch-GBR"]
[Site "Swansea WLS"]
[Date "2006.08.16"]
[Round "10"]
[White "Ledger,D"]
[Black "Surtees,M"]
[Result "1-0"]
[WhiteElo "2274"]
[BlackElo "2182"]
[EventDate "2006.08.07"]

1. e4 c6 2. d4 d5 3. Nd2 g6 4. h3 Bg7 5. Ngf3 Nh6 6. c3 O-O 7. Bd3 f6 8.
O-O Nf7 9. Re1 e5 10. dxe5 fxe5 11. Nf1 a5 12. Be3 Na6 13. Qb3 d4 14. cxd4
exd4 15. Bg5 Qe8 16. Rac1 b5 17. Bd2 a4 18. Qc2 c5 19. b3 axb3 20. axb3 Be6
21. e5 Qb8 22. Ng3 Qb6 23. Ne4 c4 24. bxc4 bxc4 25. Bxc4 Rac8 26. Qa2 Rxc4
27. Rxc4 Qb5 28. Rb4 Nxb4 29. Qxe6 Nd3 30. Nd6 Qb6 31. Ng5 Ndxe5 32. Ndxf7
Qxe6 33. Nxe6 Rxf7 34. Nxg7 Nd3 35. Re4 Kxg7 36. Rxd4 Nc5 37. Bc3 Kh6 38.
g3 Rd7 39. Rc4 Ne6 40. Bf6 g5 41. Rc6 Nf8 42. Bd4+ Ng6 43. Be3 Kh5 44. Rc5
h6 45. h4 Nxh4 46. gxh4 Kxh4 47. Kg2 Rd3 48. Rc6 Kh5 49. Ra6 Rb3 50. Bc5
Rb8 51. Rf6 Rh8 52. Bf8 g4 53. Bc5 Kh4 54. Be3 h5 55. Rg6 1-0

[Event "93rd ch-GBR"]
[Site "Swansea WLS"]
[Date "2006.08.16"]
[Round "10"]
[White "Tippleston,C"]
[Black "Mason,D"]
[Result "1/2-1/2"]
[WhiteElo "2203"]
[BlackElo "2266"]
[EventDate "2006.08.07"]

1. b3 d6 2. Bb2 Nf6 3. e3 e5 4. c4 g6 5. Nf3 Bg7 6. d4 e4 7. Nfd2 O-O 8.
Nc3 Re8 9. Qc2 Qe7 10. h3 h5 11. O-O-O a6 12. Kb1 c6 13. Be2 b5 14. Rdg1
bxc4 15. Nxc4 Be6 16. g4 Bxc4 17. Bxc4 d5 18. Be2 h4 19. Na4 Bf8 20. Rc1
Nfd7 21. Qd2 a5 22. Rc2 Qd8 23. Bc3 Ra7 24. Bf1 Bd6 25. Ka1 g5 26. Rc1 Nf6
1/2-1/2

[Event "93rd ch-GBR"]
[Site "Swansea WLS"]
[Date "2006.08.16"]
[Round "10"]
[White "Hodgson,Jo"]
[Black "Constantinou,P"]
[Result "1/2-1/2"]
[WhiteElo "2218"]
[BlackElo "2148"]
[EventDate "2006.08.07"]

1. e4 d5 2. exd5 Qxd5 3. Nc3 Qa5 4. d4 Nf6 5. Nf3 c6 6. Bc4 Bf5 7. Bd2 e6
8. Qe2 Bb4 9. Ne5 Nbd7 10. Nxd7 Kxd7 11. a3 Bxc3 12. Bxc3 Qc7 13. O-O-O
Rad8 14. f3 Kc8 15. Qe5 Nd5 16. Qxc7+ Kxc7 1/2-1/2

[Event "93rd ch-GBR"]
[Site "Swansea WLS"]
[Date "2006.08.16"]
[Round "10"]
[White "Bonafont,P"]
[Black "Varley,P"]
[Result "1/2-1/2"]
[WhiteElo "2118"]
[BlackElo "2228"]
[EventDate "2006.08.07"]

1. d4 d6 2. c4 e5 3. Nf3 Nd7 4. Nc3 Ngf6 5. e4 c6 6. Be2 Be7 7. O-O O-O 8.
Re1 Re8 9. Bf1 Qc7 10. d5 c5 11. h3 Nf8 12. Be3 Ng6 13. a3 Bd7 14. b4 b6
15. g3 Qc8 16. Kh2 h6 17. Nd2 Nh7 18. h4 Nf6 19. f3 Nh5 20. Bf2 a6 21. Rc1
Qd8 22. Ne2 Nf8 23. Bg2 g6 24. Ng1 Kg7 25. Bh3 Nh7 26. Bxd7 Qxd7 27. Nh3 a5
28. bxc5 bxc5 29. Rb1 Reb8 30. Qc2 g5 31. g4 Nf4 32. Nxf4 gxf4 33. Rxb8
1/2-1/2

[Event "93rd ch-GBR"]
[Site "Swansea WLS"]
[Date "2006.08.16"]
[Round "10"]
[White "Ledger,S"]
[Black "Shaw,P"]
[Result "1/2-1/2"]
[WhiteElo "2177"]
[BlackElo "2122"]
[EventDate "2006.08.07"]

1. d4 e6 2. Nf3 b6 3. Bf4 Bb7 4. e3 g6 5. c4 Bg7 6. Nc3 Ne7 7. Be2 d6 8.
O-O h6 9. h3 Nd7 10. Rc1 g5 11. Bh2 Ng6 12. b4 h5 13. d5 e5 14. Nd2 g4 15.
hxg4 hxg4 16. Bxg4 Qh4 17. Bh3 Nf6 18. Qf3 Bc8 19. Qg3 Bxh3 20. Qxh4 Rxh4
21. gxh3 Kd7 22. Bg3 Rxh3 23. Kg2 Rah8 24. Rh1 Rxh1 25. Rxh1 Rxh1 26. Kxh1
Nh5 27. Kg2 f5 28. Ne2 f4 29. exf4 exf4 30. Bh2 Ne5 31. Nxf4 Nxf4+ 32. Bxf4
Nd3 33. Bg5 Nxb4 34. a3 Nc2 35. Nb1 a6 36. Kf3 b5 37. cxb5 axb5 38. Bc1
Nd4+ 39. Ke4 Nb3 40. Be3 Bb2 41. Kd3 Na5 42. Bd4 Bc1 43. Kc2 Bf4 44. Kc3 c5
45. dxc6+ Kxc6 46. Kb4 Nb7 47. Be3 Be5 48. f4 Bf6 49. Nc3 Bxc3+ 50. Kxc3
Nc5 51. f5 Ne4+ 52. Kd4 Nf6 53. Bg5 Nd7 54. Bh6 Ne5 55. Bg7 Nf7 56. Bf8 Ne5
57. Bh6 Nf7 58. Bf4 Nd8 59. Kc3 Kd5 60. Kb4 Kc6 61. Bd2 Nf7 62. Bf4 Nd8 63.
Bxd6 Kxd6 64. Kxb5 Kc7 65. Kc5 Nf7 66. f6 Kb7 67. Kd5 Kb6 68. Ke6 Ng5+ 69.
Kf5 1/2-1/2

[Event "93rd ch-GBR"]
[Site "Swansea WLS"]
[Date "2006.08.16"]
[Round "10"]
[White "Poobalasingam,P"]
[Black "Sherwin,J"]
[Result "1/2-1/2"]
[WhiteElo "2068"]
[BlackElo "2291"]
[EventDate "2006.08.07"]

1. d4 d5 2. Nf3 Nf6 3. g3 c6 4. Bg2 Bf5 5. O-O h6 6. b3 e6 7. c4 Nbd7 8.
Nc3 Bb4 9. Bb2 O-O 10. a3 Ba5 11. Nd2 Bb6 12. c5 Bc7 13. b4 e5 1/2-1/2